[Event "CZE-chT1E 2122"]
[Site "Czech Republic"]
[Date "2022.01.22"]
[Round "6.3"]
[White "Gnida, Patrik"]
[Black "Tikovsky, Alexander"]
[Result "1-0"]
[WhiteElo "2173"]
[BlackElo "2146"]
[PlyCount "151"]
[EventDate "2021.10.09"]
[EventType "team-tourn"]
[EventRounds "11"]
[EventCountry "CZE"]
[SourceTitle "EXT 2023"]
[Source "ChessBase"]
[SourceDate "2022.10.05"]
[SourceVersion "1"]
[SourceVersionDate "2022.10.05"]
[SourceQuality "1"]
[WhiteTeam "Hostalkova"]
[BlackTeam "Brno Moravska Slavia II"]
[WhiteTeamCountry "CZE"]
[BlackTeamCountry "CZE"]

1. e4 g6 2. Nc3 Bg7 3. d4 c6 4. Be3 d5 5. Qd2 dxe4 6. Nxe4 Nd7 7. Nf3 Ngf6 8. Nxf6+ Nxf6 9. Bc4 0-0 10. 0-0 Bf5 11. Rad1 Qc7 12. Rfe1 Ne4 13. Qc1 Nd6 14. Bf1 Bg4 15. Be2 Rad8 16. h3 Bxf3 17. Bxf3 e6 18. c3 Qa5 19. Qc2 Nc4 20. Bf4 Rfe8 21. b4 Qb6 22. Qb3 Nd6 23. Be2 Nf5 24. Bf1 Rd7 25. g4 Ne7 26. Rxe6 Qd8 27. Ree1 Nd5 28. Rxe8+ Qxe8 29. Bg3 Bh6 30. c4 Nf4 31. Qf3 Ne6 32. d5 Ng5 33. Qd3 cxd5 34. cxd5 Bf8 35. h4 Ne4 36. Re1 Re7 37. Bf4 Nd6 38. Re3 Qa4 39. Rxe7 Bxe7 40. Qd4 Bf8 41. Qf6 Ne8 42. Qd4 Qxb4 43. Qxb4 Bxb4 44. Kg2 Kf8 45. Kf3 Ke7 46. Bc4 a6 47. Bb3 Bd6 48. Bc1 Bc7 49. Bb2 Bd6 50. Bc3 Bc5 51. Bb2 Bd6 52. Bc1 Bc7 53. Bg5+ f6 54. Be3 Bd6 55. h5 Kf7 56. Ke4 f5+ 57. gxf5 Nf6+ 58. Kf3 Nxh5 59. fxg6+ hxg6 60. Kg4 Nf6+ 61. Kh4 Nd7 62. f3 Nc5 63. Bc2 Nd7 64. f4 Nf6 65. Kg5 Nh7+ 66. Kh6 Nf8 67. Bd2 b5 68. Bd3 Kf6 69. Bc3+ Ke7 70. Be5 Bc5 71. Bc2 Bb4 72. Bb3 Bc5 73. Kg7 Kd7 74. Kf7 a5 75. d6 a4 76. Bd1 1-0

[Event "Kouty nad Desnou Losin Kapor op"]
[Site "Kouty nad Desnou"]
[Date "2019.12.14"]
[Round "2"]
[White "Gnida, Patrik"]
[Black "Sergeev, Vladimir"]
[Result "0-1"]
[WhiteElo "2214"]
[BlackElo "2403"]
[PlyCount "86"]
[EventDate "2019.12.14"]
[EventType "swiss (rapid)"]
[EventRounds "9"]
[EventCountry "CZE"]
[SourceTitle "CBM 193 Extra"]
[Source "ChessBase"]
[SourceDate "2020.01.31"]
[SourceVersion "1"]
[SourceVersionDate "2020.01.31"]
[SourceQuality "1"]

1. e4 Nf6 2. e5 Nd5 3. Nc3 Nxc3 4. dxc3 Nc6 5. Nf3 d6 6. Bc4 e6 7. 0-0 Nxe5 8. Nxe5 dxe5 9. Qh5 Bd6 10. Bg5 Qd7 11. Rad1 b5 12. Bd3 Bb7 13. Rfe1 Bd5 14. a4 a6 15. f4 g6 16. Qh4 e4 17. Bf6 Bc5+ 18. Kh1 exd3 19. Bxh8 dxc2 20. Rc1 Bb3 21. a5 h5 22. Bf6 Qd5 23. f5 Qxf5 24. Re5 Bf2 25. Qe4 Qxe4 26. Rxe4 Bc5 27. h4 Be7 28. Bxe7 Kxe7 29. Rb4 Rd8 30. Rd4 Rxd4 31. cxd4 Kd6 32. Kg1 Kd5 33. Kf2 Kxd4 34. Ke2 e5 35. Kd2 e4 36. Re1 f5 37. g3 c5 38. Re2 b4 39. Re1 c4 40. Ra1 e3+ 41. Ke2 c3 42. bxc3+ Kxc3 43. Kxe3 Kb2 0-1

[Event "Jesenik op"]
[Site "Jesenik"]
[Date "2019.08.18"]
[Round "2"]
[White "Gnida, Patrik"]
[Black "Didi, Jan"]
[Result "1/2-1/2"]
[WhiteElo "2195"]
[BlackElo "2023"]
[PlyCount "34"]
[EventDate "2019.08.17"]
[EventType "swiss"]
[EventRounds "9"]
[EventCountry "CZE"]
[SourceTitle "EXT 2020"]
[Source "ChessBase"]
[SourceDate "2019.10.17"]
[SourceVersion "1"]
[SourceVersionDate "2019.10.17"]
[SourceQuality "1"]

1. e4 c5 2. Nf3 d6 3. d4 cxd4 4. Nxd4 Nf6 5. Nc3 Nc6 6. h3 e5 7. Nb3 Be6 8. Bg5 Be7 9. Bxf6 Bxf6 10. Nd5 0-0 11. Bd3 Be7 12. Qf3 Qd7 13. g4 g6 14. Rg1 Kh8 15. Qg3 Bxd5 16. exd5 Nb4 17. Be4 Qb5 1/2-1/2

[Event "Jesenik op"]
[Site "Jesenik"]
[Date "2019.08.17"]
[Round "1"]
[White "Slepov, Kyryl"]
[Black "Gnida, Patrik"]
[Result "0-1"]
[WhiteElo "2018"]
[BlackElo "2195"]
[PlyCount "42"]
[EventDate "2019.08.17"]
[EventType "swiss"]
[EventRounds "9"]
[EventCountry "CZE"]
[SourceTitle "EXT 2020"]
[Source "ChessBase"]
[SourceDate "2019.10.17"]
[SourceVersion "1"]
[SourceVersionDate "2019.10.17"]
[SourceQuality "1"]

1. e4 e5 2. Nf3 Nf6 3. Nxe5 Nxe4 4. Qe2 Qe7 5. Qxe4 d6 6. d4 dxe5 7. Qxe5 Qxe5+ 8. dxe5 Bf5 9. Bd3 Bxd3 10. cxd3 Nc6 11. 0-0 0-0-0 12. d4 Nxd4 13. Nc3 Bb4 14. Ne4 Rhe8 15. Ng5 h6 16. a3 Ba5 17. Nxf7 Rd7 18. Nxh6 Ne2+ 19. Kh1 gxh6 20. f4 Bb6 21. g4 Rg7 0-1

[Event "CZE-chT2F 1819"]
[Site "Czech Republic"]
[Date "2018.11.04"]
[Round "2.6"]
[White "Gnida, Patrik"]
[Black "Hrbacek, Miroslav"]
[Result "1-0"]
[WhiteElo "2155"]
[BlackElo "1957"]
[PlyCount "69"]
[EventDate "2018.10.14"]
[EventType "team-tourn"]
[EventRounds "11"]
[EventCountry "CZE"]
[SourceTitle "EXT 2022"]
[Source "ChessBase"]
[SourceDate "2021.10.06"]
[SourceVersion "1"]
[SourceVersionDate "2021.10.06"]
[SourceQuality "1"]
[WhiteTeam "Karvina"]
[BlackTeam "Vrbno pod Pradedem"]
[WhiteTeamCountry "CZE"]
[BlackTeamCountry "CZE"]

1. e4 e6 2. d4 d5 3. e5 c5 4. c3 Nc6 5. Nf3 cxd4 6. cxd4 Bd7 7. Nc3 Nge7 8. Bd3 Rc8 9. a3 h6 10. 0-0 g6 11. h4 Nf5 12. h5 Rg8 13. hxg6 fxg6 14. Re1 Ncxd4 15. Nxd4 Nxd4 16. Qg4 g5 17. Qxd4 Bc5 18. Qg4 Qb6 19. Nd1 Rf8 20. Be3 d4 21. Qh5+ Kd8 22. Bd2 Qb3 23. Qe2 Be7 24. Rc1 Bc6 25. Bc4 Qb6 26. b4 Be8 27. Qg4 Bf7 28. Re4 h5 29. Rxd4+ Ke8 30. Bb5+ Rc6 31. Bxc6+ bxc6 32. Qe4 c5 33. bxc5 Bxc5 34. Qa8+ Ke7 35. Bxg5# 1-0

[Event "CZE-ch"]
[Site "Ostrava"]
[Date "2018.04.29"]
[Round "2"]
[White "Gnida, Patrik"]
[Black "Vykouk, Jan"]
[Result "0-1"]
[WhiteElo "2165"]
[BlackElo "2426"]
[PlyCount "84"]
[EventDate "2018.04.28"]
[EventType "swiss"]
[EventRounds "9"]
[EventCountry "CZE"]
[SourceTitle "CBM 184 Extra"]
[Source "ChessBase"]
[SourceDate "2018.06.28"]
[SourceVersion "1"]
[SourceVersionDate "2018.06.28"]
[SourceQuality "1"]

1. c4 e5 2. Nc3 Nf6 3. g3 d5 4. cxd5 Nxd5 5. Bg2 Nb6 6. a4 a5 7. Nf3 Nc6 8. 0-0 Be7 9. Nb5 0-0 10. d4 exd4 11. Nfxd4 Nxd4 12. Nxd4 c6 13. Qd3 Bf6 14. Rd1 Bg4 15. f3 Bd7 16. e4 c5 17. Nb5 Bxb5 18. axb5 Qxd3 19. Rxd3 Nc4 20. Ra2 Bd4+ 21. Kf1 Rad8 22. Bh3 Bxb2 23. Rxd8 Rxd8 24. Bxb2 Rd1+ 25. Ke2 Rd2+ 26. Ke1 Rxb2 27. Rxb2 Nxb2 28. Kd2 a4 29. Bf1 a3 30. Kc2 c4 31. b6 Kf8 32. Kb1 c3 33. Ba6 Na4 34. Bd3 Nxb6 35. Ka2 Nc4 36. f4 f6 37. Kb3 b5 38. g4 g5 39. fxg5 fxg5 40. h3 h6 41. e5 Ke7 42. Bf5 b4 0-1

[Event "CZE-chT2F 1617"]
[Site "Czech Republic"]
[Date "2017.02.26"]
[Round "9.4"]
[White "Kawulok, Marek"]
[Black "Gnida, Patrik"]
[Result "1-0"]
[WhiteElo "2148"]
[BlackElo "2108"]
[PlyCount "61"]
[EventDate "2016.10.09"]
[EventType "team-tourn"]
[EventRounds "11"]
[EventCountry "CZE"]
[SourceTitle "EXT 2022"]
[Source "ChessBase"]
[SourceDate "2021.10.06"]
[SourceVersion "1"]
[SourceVersionDate "2021.10.06"]
[SourceQuality "1"]
[WhiteTeam "Cesky Tesin"]
[BlackTeam "Velke Losiny"]
[WhiteTeamCountry "CZE"]
[BlackTeamCountry "CZE"]

1. e4 e5 2. Nf3 Nc6 3. Bc4 Be7 4. 0-0 Nf6 5. d3 0-0 6. Re1 d6 7. c3 Na5 8. Bb5 Bd7 9. Bxd7 Qxd7 10. Nbd2 Nc6 11. Nf1 Rad8 12. Ng3 d5 13. Qb3 dxe4 14. dxe4 Na5 15. Qc2 Qe6 16. Nf5 Rfe8 17. Bg5 a6 18. h3 Nc4 19. Qb3 b5 20. a4 Qb6 21. axb5 axb5 22. Qc2 Bf8 23. b3 Nd6 24. Nh6+ Kh8 25. Ng4 Ndxe4 26. Rxe4 Nxe4 27. Bxd8 f5 28. Ngxe5 Nxf2 29. Qxf2 Bc5 30. Nd4 Rxe5 31. Bxc7 1-0

[Event "CZE-chT2D 1213"]
[Site "Czech Republic"]
[Date "2012.11.04"]
[Round "2.5"]
[White "Holasek, Pavel"]
[Black "Gnida, Patrik"]
[Result "1-0"]
[WhiteElo "2048"]
[BlackElo "1927"]
[PlyCount "71"]
[EventDate "2012.10.14"]
[EventType "team-tourn"]
[EventRounds "11"]
[EventCountry "CZE"]
[SourceTitle "EXT 2016"]
[Source "ChessBase"]
[SourceDate "2015.10.08"]
[SourceVersion "1"]
[SourceVersionDate "2015.10.08"]
[SourceQuality "1"]
[WhiteTeam "Usti nad Orlici"]
[BlackTeam "Velke Losiny"]
[WhiteTeamCountry "CZE"]
[BlackTeamCountry "CZE"]

1. e4 c5 2. Nf3 Nc6 3. d4 cxd4 4. Nxd4 g6 5. c4 Bg7 6. Be3 d6 7. Be2 Nf6 8. Nc3 0-0 9. 0-0 Ne8 10. Rc1 Nxd4 11. Bxd4 e5 12. Be3 f5 13. f3 Be6 14. Qa4 Rf7 15. Rfd1 Rd7 16. Rd2 Bf8 17. Rcd1 Nf6 18. Bg5 Qb6+ 19. Kh1 Ne8 20. c5 Qxc5 21. Bb5 Qc8 22. Bxd7 Bxd7 23. Qc2 h6 24. Be3 Bc6 25. Qb3+ Kg7 26. Nd5 Nf6 27. Bxh6+ Kxh6 28. Nxf6 Be7 29. Nd5 Bg5 30. Rd3 Qe6 31. Qc3 Rc8 32. f4 Bxf4 33. Nxf4 exf4 34. Rh3+ Kg5 35. Rh7 Bxe4 36. h4+ 1-0

[Event "CZE-chT2D 1213"]
[Site "Czech Republic"]
[Date "2012.10.14"]
[Round "1.6"]
[White "Svancara, Petr"]
[Black "Gnida, Patrik"]
[Result "1-0"]
[WhiteElo "2127"]
[BlackElo "1927"]
[PlyCount "51"]
[EventDate "2012.10.14"]
[EventType "team-tourn"]
[EventRounds "11"]
[EventCountry "CZE"]
[SourceTitle "EXT 2016"]
[Source "ChessBase"]
[SourceDate "2015.10.08"]
[SourceVersion "1"]
[SourceVersionDate "2015.10.08"]
[SourceQuality "1"]
[WhiteTeam "Olomouc Garde"]
[BlackTeam "Velke Losiny"]
[WhiteTeamCountry "CZE"]
[BlackTeamCountry "CZE"]

1. d4 Nf6 2. Nf3 g6 3. c4 Bg7 4. Nc3 0-0 5. e4 d6 6. Be2 Nbd7 7. 0-0 e5 8. d5 Nc5 9. Nd2 Ne8 10. b4 Nd7 11. Nb3 f5 12. c5 f4 13. a4 g5 14. Bd2 Rf6 15. c6 bxc6 16. Na5 Nb8 17. dxc6 Rh6 18. Nd5 g4 19. Bxg4 Kf8 20. Ra3 Qh4 21. h3 Qd8 22. Nb7 Bxg4 23. Qxg4 Qh4 24. Qc8 Qh5 25. Nxc7 Na6 26. Nxa8 1-0

[Event "CZE-chT U20 final-B 1011"]
[Site "Czech Republic"]
[Date "2011.04.16"]
[Round "9.2"]
[White "Machan, Jan"]
[Black "Gnida, Patrik"]
[Result "1/2-1/2"]
[WhiteElo "1905"]
[BlackElo "1850"]
[PlyCount "56"]
[EventDate "2010.10.02"]
[EventType "team-tourn"]
[EventRounds "11"]
[EventCountry "CZE"]
[SourceTitle "EXT 2012"]
[Source "ChessBase"]
[SourceDate "2011.11.24"]
[SourceVersion "1"]
[SourceVersionDate "2011.11.24"]
[SourceQuality "1"]
[WhiteTeam "Rychnov nad Kneznou (U20)"]
[BlackTeam "Trinec (U20)"]
[WhiteTeamCountry "CZE"]
[BlackTeamCountry "CZE"]

1. e4 c5 2. c3 d6 3. d4 Nf6 4. Bd3 Nc6 5. Ne2 g6 6. 0-0 Bg7 7. h3 0-0 8. Be3 cxd4 9. cxd4 Nb4 10. Nbc3 Nxd3 11. Qxd3 a6 12. a4 Bd7 13. b4 Rc8 14. Rfc1 Ne8 15. Rab1 Nc7 16. b5 axb5 17. axb5 f5 18. f3 fxe4 19. fxe4 e6 20. Rf1 Qe7 21. b6 Rxf1+ 22. Kxf1 Ne8 23. Kg1 Qd8 24. Rb4 Bf8 25. Rb2 Bg7 26. Qd2 Rc4 27. Qd3 Rc8 28. Rb3 Ra8 1/2-1/2

[Event "CZE-ch U16"]
[Site "Kouty nad Desnou"]
[Date "2011.03.19"]
[Round "9"]
[White "Gnida, Patrik"]
[Black "Lhotka, Jiri"]
[Result "1/2-1/2"]
[WhiteElo "1769"]
[BlackElo "1842"]
[PlyCount "30"]
[EventDate "2011.03.12"]
[EventType "swiss"]
[EventRounds "9"]
[EventCountry "CZE"]
[SourceTitle "EXT 2014"]
[Source "ChessBase"]
[SourceDate "2013.11.20"]
[SourceVersion "1"]
[SourceVersionDate "2013.11.20"]
[SourceQuality "1"]

1. Nf3 g6 2. g3 Bg7 3. Bg2 Nf6 4. 0-0 0-0 5. c4 c5 6. Nc3 Nc6 7. d4 d6 8. d5 Na5 9. Nd2 a6 10. Qc2 Rb8 11. b3 b5 12. Bb2 e6 13. e4 bxc4 14. bxc4 exd5 15. cxd5 Re8 1/2-1/2

[Event "CZE-ch U16"]
[Site "Kouty nad Desnou"]
[Date "2011.03.17"]
[Round "7"]
[White "Gnida, Patrik"]
[Black "Franek, Jan1111"]
[Result "1/2-1/2"]
[WhiteElo "1769"]
[BlackElo "1872"]
[PlyCount "50"]
[EventDate "2011.03.12"]
[EventType "swiss"]
[EventRounds "9"]
[EventCountry "CZE"]
[SourceTitle "EXT 2014"]
[Source "ChessBase"]
[SourceDate "2013.11.20"]
[SourceVersion "1"]
[SourceVersionDate "2013.11.20"]
[SourceQuality "1"]

1. Nf3 f5 2. g3 d5 3. d4 e6 4. c4 c6 5. Bg2 Bd6 6. Nc3 Nd7 7. Rb1 Ngf6 8. b4 Ne4 9. Qc2 0-0 10. c5 Bc7 11. Bb2 Rf6 12. 0-0 Rh6 13. Rfe1 Ndf6 14. Nd2 Nxf2 15. Kxf2 Rxh2 16. Nf1 Ng4+ 17. Kg1 Bxg3 18. Nd1 Bc7 19. Nxh2 Bxh2+ 20. Kf1 Bf4 21. Qd3 Qh4 22. Qh3 Nh2+ 23. Kg1 Qxe1+ 24. Bf1 Nxf1 25. Qxf1 Qg3+ 1/2-1/2

[Event "CZE-ch U16"]
[Site "Kouty nad Desnou"]
[Date "2011.03.16"]
[Round "6"]
[White "Mikes, Jan"]
[Black "Gnida, Patrik"]
[Result "1-0"]
[WhiteElo "1864"]
[BlackElo "1769"]
[PlyCount "53"]
[EventDate "2011.03.12"]
[EventType "swiss"]
[EventRounds "9"]
[EventCountry "CZE"]
[SourceTitle "EXT 2014"]
[Source "ChessBase"]
[SourceDate "2013.11.20"]
[SourceVersion "1"]
[SourceVersionDate "2013.11.20"]
[SourceQuality "1"]

1. e4 d5 2. exd5 Qxd5 3. Nc3 Qa5 4. b4 Qe5+ 5. Qe2 Qxe2+ 6. Bxe2 e6 7. a3 Nf6 8. Nf3 Be7 9. Bb2 0-0 10. Nb5 Ne8 11. Bd3 c6 12. Nbd4 Nd7 13. 0-0 Bf6 14. g4 Nc7 15. g5 Be7 16. h4 c5 17. Ne2 Rd8 18. h5 cxb4 19. g6 hxg6 20. hxg6 f5 21. Nf4 Bf6 22. Bxf6 gxf6 23. Kg2 b5 24. Rh1 Bb7 25. Rh3 Ne5 26. Be2 Kg7 27. Rh7+ 1-0

[Event "CZE-ch U16"]
[Site "Kouty nad Desnou"]
[Date "2011.03.15"]
[Round "5"]
[White "Gnida, Patrik"]
[Black "Zapletal, Jiri1111"]
[Result "0-1"]
[WhiteElo "1769"]
[BlackElo "1936"]
[PlyCount "100"]
[EventDate "2011.03.12"]
[EventType "swiss"]
[EventRounds "9"]
[EventCountry "CZE"]
[SourceTitle "EXT 2014"]
[Source "ChessBase"]
[SourceDate "2013.11.20"]
[SourceVersion "1"]
[SourceVersionDate "2013.11.20"]
[SourceQuality "1"]

1. e4 c6 2. Nf3 d5 3. Nc3 Bg4 4. exd5 cxd5 5. h3 Bxf3 6. Qxf3 Nf6 7. d4 Nc6 8. Ne2 e6 9. c3 Be7 10. Ng3 Qa5 11. Bd2 b5 12. b4 Qb6 13. Qd3 a6 14. Be2 0-0 15. 0-0 Na7 16. a4 Ne8 17. axb5 Nxb5 18. Ra5 Ned6 19. Qc2 Rfc8 20. Qb3 Bh4 21. Nh5 Ne4 22. Bxb5 Nxd2 23. Qa3 Nxf1 24. Bxf1 Qc6 25. Rc5 Qb7 26. Nf4 Bd8 27. Nd3 Rcb8 28. Ne5 Bb6 29. Nd3 Bxc5 30. Nxc5 Qc6 31. Qa5 Qb6 32. Qa3 Rc8 33. Bd3 Rc7 34. g3 f6 35. h4 e5 36. Qa2 Qd6 37. Be4 Rd8 38. Bd3 exd4 39. cxd4 Qb6 40. Kg2 Qxb4 41. Nxa6 Qxd4 42. Bxh7+ Kxh7 43. Nxc7 Qe4+ 44. f3 Qe5 45. Nb5 d4 46. Qc2+ Kh8 47. Qd3 Rb8 48. Na3 Rb2+ 49. Kh3 Qe6+ 50. g4 Rb3 0-1